00362nam a2200169Ia 4500003000400000005001700004008004100021020001800062040000700080041000800087082001300095100001900108245002500127260001900152300000900171650001200180OSt20251125125552.0250729s1963 xx 000 0 und d a9780143107002 cAL aeng a823 STET aSteinbeck John aTravels with charley aNew Yorkc1963 a275p aFiction